Dvě a čtvrt století Smithova Bohatství národů

Stručný pohľad na život a dielo Adama Smitha. Názory a prístupy A. Smitha v diele Pojednávanie o podstate a pôvode bohatstva národov.

Saved in:
Bibliographic Details
Main Author: Spáčilová, Lenka
Format: Book Chapter
Language:Czech
Subjects:
Tags: Add Tag
No Tags, Be the first to tag this record!

MARC

LEADER 00000naa a2200000 4500
001 r044375
005 20231002130057.6
041 0 |a cze 
044 |a CZ 
245 1 0 |a Dvě a čtvrt století Smithova Bohatství národů  |c Lenka Spáčilová 
520 |a Stručný pohľad na život a dielo Adama Smitha. Názory a prístupy A. Smitha v diele Pojednávanie o podstate a pôvode bohatstva národov. 
610 2 0 |a teórie ekonomické 
610 2 0 |a myslenie ekonomické 
610 2 0 |a dejiny myslenia ekonomického 
610 2 0 |a trh 
610 2 0 |a liberalizácia 
610 2 0 |a Smith, A. 
100 1 |a Spáčilová, Lenka